| 000 | 00502nam a2200181 i 4500 | ||
|---|---|---|---|
| 001 | 35463 | ||
| 003 | ES-MaACL | ||
| 005 | 20250814065846.0 | ||
| 007 | t| | ||
| 008 | 030213s1919 fr ||||1| fre d | ||
| 100 | 0 |
_aBouasse, H. _930820 |
|
| 245 | 1 | 0 |
_aGéographie mathématique / _cpar Henri Pierre Maxime Bouasse. |
| 260 |
_aParis : _bDelagrave, _c1919. |
||
| 300 |
_a494 p. ; _c25 cm. |
||
| 650 | 7 |
_aGeografía matemática _2embne _9164531 |
|
| 852 |
_aES-MaACL _jB-4866 |
||
| 999 |
_c35463 _d35463 |
||